000
00201 a2200097 4500
001
9187
100
_a
Thomas, H
245
_a
The story of sandhwest
260
_a
_b
Hutchinson
_c
090
_c
7362
_d
7362
942
_a
NUST-CAE
_c
M
_c
34003
999
_c
244260
_d
244260